000 00641cab a2200229 4500
001 WB3209-45
008 090401t1996 xxu||||| |||| 00| 0 eng d
035 _a(Sirsi) u40359
041 _aeng
245 _aThames divides London opinion
260 _c1996
350 _a0
490 _aPlanning Week
_v4(8) 22 February 1996, 8(1)
520 _aConsiders the mixed response to London First`s plans for transforming the Thames.
650 _aLONDON FIRST
650 _aRIVER BOATS
650 _aRIVER THAMES
690 _aPLANNING LAW AND PRACTICE
690 _aTRANSPORT AND COMMUNICATIONS
942 _n0
948 _c04/03/1997
999 _c25862
_d25862